000 00503nam a2200169Ia 4500
999 _c23359
_d23359
003 OSt
005 20200215120745.0
008 190216s9999||||xx |||||||||||||| ||und||
020 _a9788126439027
040 _coclc
082 _a954.83
_bCHU/P
100 _aChungath, Rajan
_92030
245 0 _aParayipetta Panthirukulam Aithihyavum Charitravum /
_cRajan Chungath
260 _bDc Books,
_c2014.
_aKottayam:
300 _a144p
942 _cBK
_2ddc
_h954.83
_iCHU/P
_k954.83
_mCHU/P